| 000 | 01201nam0a22002771 4500 | ||
|---|---|---|---|
| 001 | RU\NLR\INFOCOMM_253\5000010247 | ||
| 005 | 20260407071007.0 | ||
| 035 | _a(NLR Aleph) 009175936 | ||
| 090 |
_a8541875 _c8541875 |
||
| 100 | _a20100307d1960 |||y0rusy50 ca | ||
| 101 | 0 | _aspa | |
| 102 | _aRU | ||
| 105 | _aa ||||000|y | ||
| 200 | 1 |
_aCara a cara con Norteamérica _eRelato del viaje de N. S. Jruschov a los EE. UU. 15-27 de sept. de 1959 _f[Nan escrito este libre: A. Adzhubei, N. Gribachov, L Ilichov] [y. o.] |
|
| 210 |
_aΜ. _cEd. en lenguas extranjeras _d1960 |
||
| 215 |
_a688 с.; 27 л. ил. _cфакс., ил. _d21 см |
||
| 300 | _aНа обороте тит. л.: Лицом к лицу с Америкой. Рассказ о поездке Н. С. Хрущёва в США. 15-27 сент. 1959 г. | ||
| 686 |
_aИр4880 _2rubbk |
||
| 701 | 1 |
_4070 _7ba _8rus _aAdžubej _bA. I. _f1924-1993 _gAleksej Ivanovič _9229220 _3RU\NLR\AUTH\770229276 |
|
| 702 | 1 |
_4570 _7ba _8rus _aChruščev _bN. S. _f1894-1971 _gNikita Sergeevič _3RU\NLR\AUTH\770229277 _9229221 |
|
| 801 | 1 |
_aRU _bNLR _c20100307 |
|
| 801 | 0 |
_aRU _bNLR _gPSBO |
|
| 852 |
_aNLR _jИр51 Г-3/238 |
||
| 942 | _cBOOK | ||
| 980 | _aNB | ||